Aktuálne otázky financovania zdravotníctva v Slovenskej republike bakalárska práca

Salvato in:
Dettagli Bibliografici
Autore principale: Palečková, Michaela
Ente Autore: Národohospodárska fakulta EU. Katedra financií
Altri autori: Neubauerová, Erika, 1968-
Natura: Libro
Lingua:slovacco
Pubblicazione: Bratislava 2019
Tags: Aggiungi Tag
Nessun Tag, puoi essere il primo ad aggiungerne!!

MARC

LEADER 00000nbm a2200000 4500
001 0256521
005 20191030130720.1
041 0 |a slo 
044 |a SK 
245 1 0 |a Aktuálne otázky financovania zdravotníctva v Slovenskej republike  |b bakalárska práca  |c Michaela Palečková ; školiteľ: Erika Neubauerová 
264 1 |a Bratislava  |c 2019 
300 |a 48 s. 
100 1 |a Palečková, Michaela 
700 1 |a Neubauerová, Erika, 1968- 
710 2 |a Národohospodárska fakulta EU. Katedra financií